=LDR 00000nam 2200000 4500 =001 INLIS000000000036702 =005 20130612142454 =008 ***********************************Ind** =035 ##$$0010-061300000036702 =041 ##$$a Ind =082 ##$$a 583.37 =090 ##$$a 583.37, Lin m =100 ##$$a Lingga, Lanny =245 ##$$a Mawar, Ranny Lingga =260 ##$$a 2008 $b Jakarta =300 ##$$a 126 hlm, ilus, 21 cm =650 ##$$a Mawar (Bunga) =850 ##$$a NBPNMAT =990 ##$$a 0001/BPAP-NTB/20142014 =990 ##$$a 0001/BPAP-NTB/2016 =990 ##$$a 0001/BPAP-NTB/2016 =990 ##$$a 0001/BPAP-NTB/2016